Biblioteca

Interpreting God and the postmodern self (Registro nro. 44101)

Detalles MARC
000 -LÍDER
Campo fijo de descripción fija 01264aam a2200373 i 4500
001 - NÚMERO DE CONTROL
Campo de control 768714001
003 - IDENTIFICADOR DEL NÚMERO DE CONTROL
Campo de control CO-MdFUSB
005 - FECHA Y HORA DE LA ULTIMA TRANSACCIÓN
control field 20241015165824.0
007 - CAMPO FIJO DE DESCRIPCIÓN FIJA--INFORMACIÓN GENERAL
Campo fijo de descripción fija ta
008 - ELEMENTOS DE LONGITUD FIJA -- INFORMACIÓN GENERAL
Campo fijo de descripción fija -- Información general 170306t19951996-us |||f |||| 00| 0 eng d
020 ## - NÚMERO INTERNACIONAL NORMALIZADO PARA LIBROS
Número Internacional Normalizado del libro 0-8028-4128-7
040 ## - FUENTE DE CATALOGACIÓN
Agencia de catalogación original CO-MdFUSB
Idioma de catalogación spa
Agencia que realiza la transcripción CO-MdFUSB
Agencia que realiza la modificación CO-MdFUSBC
Convenciones de la descripción rda
041 0# - CÓDIGO DE IDIOMA
Código de idioma para texto/pista de sonido o título separado eng
082 04 - NÚMERO DE CLASIFICACIÓN DECIMAL DEWEY
Número de clasificación 231
Número de la edición del Dewey 24
Clave de autor-Numero de item T448i
100 1# - ASIENTO PRINCIPAL--NOMBRE PERSONAL
Nombre personal Thiselton, Anthony C.
Término relacionador autor
245 10 - TÍTULO
Título del Material Interpreting God and the postmodern self
Parte restante del título - Subtitulo : on meaning, manipulation, and promise
Mención de responsabilidad, etc. / Anthony C. Thiselton
250 ## - MENCIÓN DE EDICIÓN
Mención de edición segunda edición
264 #1 - PRODUCCIÓN, PUBLICACIÓN, DISTRIBUCIÓN, MANUFACTURA, Y COPYRIGHT
Lugar de producción, publicación, distribución, manufactura Grand Rapids, Michigan :
Nombre del productor, publicador, distribuidor Wm. B. Eerdsmans Publishing Co.,
Fecha de producción, publicación, distribución, manufactura, o copyright ℗1996
264 #4 - PRODUCCIÓN, PUBLICACIÓN, DISTRIBUCIÓN, MANUFACTURA, Y COPYRIGHT
Fecha de producción, publicación, distribución, manufactura, o copyright ©1995
300 ## - DESCRIPCIÓN FÍSICA
Extensión 180 páginas
Dimensiones ; 23 cm.
336 ## - TIPO DE CONTENIDO
Fuente rdacontent
Término de tipo de contenido texto
Código de tipo de contenido txt
337 ## - TIPO DE MEDIO
Fuente rdamedia
Nombre del tipo de medio sin mediación
Código del tipo de medio n
338 ## - TIPO DE SOPORTE
Fuente rdacarrier
Nombre del tipo de soporte volumen
Código Tipo de soporte nc
490 ## - MENCIÓN DE SERIE
Mención de serie Current Issues in Theology
504 ## - NOTA DE BIBLIOGRAFÍA, ETC.
Nota de bibliografía, etc Bibliografía (páginas 165- 172)
505 ## - NOTA DE CONTENIDO
Nota de contenido con formato preestablecido La interpretación de los textos y la interpretación propia -- Postmodernismo propio y sociedad: hacia una teología de la promesa
563 ## - NOTA DE ENCUADERNACIÓN
Nota de encuadernación Rústico
650 #7 - ASIENTO SECUNDARIO DE MATERIA - TERMINO TEMÁTICO
Término temático o nombre geográfico como elemento de entrada Postmodernismo
9 (RLIN) 261
650 #7 - ASIENTO SECUNDARIO DE MATERIA - TERMINO TEMÁTICO
Término temático o nombre geográfico como elemento de entrada Teología doctrinal
9 (RLIN) 179
650 #7 - ASIENTO SECUNDARIO DE MATERIA - TERMINO TEMÁTICO
9 (RLIN) 418
Término temático o nombre geográfico como elemento de entrada Hermenéutica
942 ## - TIPO DE MATERIAL (KOHA)
Tipo de Item KOHA Libros General
945 ## - INFORMACIÓN LOCAL DEL REGISTRO
Catalogador JTF-925
Existencias
Estado de Material Estado de Perdido Forma de Clasificación Estado de Dañado No para Préstamo Colección Biblioteca de Origen Biblioteca Permanente Fecha de Adquisición Área Total de Préstamos Signatura Topográfica Código de Barras Última vez visto Última vez Préstado Ejemplar/Existencia Fecha de Remplazo Tipo de Material
    Dewey Decimal Classification     Colección General Biblioteca FUSBC Biblioteca FUSBC 11/10/2024 TEOLOGÍA CRISTIANA 1 G 231 T448i 21964 12/12/2019 16/02/2018 Ej. 1 06/03/2017 Libros General

Biblioteca FUSBC | Teléfono: (57+4) 349 88 10 Ext. 141| WhatsApp (+57) 3005338115 
E-mail: biblioteca@unisbc.edu.co | Calle 76 87-14 Robledo Palenque, Medellín, Colombia

Con tecnología Koha